Las normas fundamentales de Derecho Privado.
Gespeichert in:
| 1. Verfasser: | |
|---|---|
| Format: | Buch |
| Sprache: | Spanisch |
| Veröffentlicht: |
Buenos Aires, Argentina:
Rubinzal-Culzoni Editores,
1995.
|
| Schlagworte: | |
| Tags: |
Tag hinzufügen
Keine Tags, Fügen Sie den ersten Tag hinzu!
|
MARC
| LEADER | 00000nam a2200000 a 4500 | ||
|---|---|---|---|
| 001 | UCN5184 | ||
| 003 | CL-VaPUC | ||
| 005 | 20220822114348.0 | ||
| 008 | 010824e19950000AG |||||||||||||||||spa|d | ||
| 999 | |c 296841 |d 296839 | ||
| 020 | |a 950-727-073-6 | ||
| 040 | |c Pontificia Universidad Católica de Valparaíso | ||
| 082 | 0 | 4 | |a 346 LOR 1995 |2 21 |
| 100 | |a Lorenzetti, Ricardo Luis |e autor |9 588707 | ||
| 245 | 1 | 4 | |a Las normas fundamentales de Derecho Privado. |
| 260 | |a Buenos Aires, Argentina: |b Rubinzal-Culzoni Editores, |c 1995. | ||
| 300 | |a 552 páginas. | ||
| 500 | |a c.2 Donación Familia Prof. Alejandro Guzmán Brito. | ||
| 583 | |a last modification |c 20010824 00:00:00 |k Rodrigo Vera | ||
| 650 | 0 | |a Derecho privado |9 258243 | |
| 650 | 0 | |a Derecho contractual |9 373875 | |
| 650 | 0 | |a Daño moral |9 430896 | |
| 650 | 0 | |a Libertad de expresión |9 329993 | |
| 942 | |c BK |2 ddc |n 0 | ||
| 945 | |d 20010824 00:00:00 |a vberengu | ||
| 952 | |0 0 |1 0 |4 0 |6 346_000000000000000_LOR_1995 |7 0 |8 A |9 351038 |a BIBDER |b BIBDER |d 2019-11-20 |i 3748626 |o 346 LOR 1995 |p 3748626 |r 2023-01-25 |w 2019-11-20 |y BK |k DER | ||